[Event "1SM"]
[Site "Sharjah Chess Club"]
[Date "2017.03.24"]
[Round "2.2"]
[White "Karthikeyan, P."]
[Black "Wang, Hao"]
[Result "0-1"]
[BlackElo "2683"]
[WhiteElo "2507"]
[LiveChessVersion "1.4.8"]

1. e4 {[%clk 1:40:49]} e6 {[%clk 1:37:28]} 2. d4 {[%clk 1:40:57]} d5
{[%clk 1:37:53]} 3. Nd2 {[%clk 1:40:43]} c5 {[%clk 1:37:26]} 4. Ngf3
{[%clk 1:40:04]} cxd4 {[%clk 1:37:31]} 5. Nxd4 {[%clk 1:39:39]} Nc6
{[%clk 1:37:48]} 6. Bb5 {[%clk 1:39:31]} Bd7 {[%clk 1:38:15]} 7. Nxc6
{[%clk 1:39:29]} bxc6 {[%clk 1:38:38]} 8. Bd3 {[%clk 1:39:47]} Bd6
{[%clk 1:39:01]} 9. c4 {[%clk 1:31:07]} d4 {[%clk 1:28:54]} 10. O-O
{[%clk 1:29:40]} Qc7 {[%clk 1:14:28]} 11. Qg4 {[%clk 1:18:45]} Bxh2+
{[%clk 1:00:20]} 12. Kh1 {[%clk 1:18:42]} h5 {[%clk 1:00:48]} 13. Qxg7
{[%clk 1:14:14]} Be5 {[%clk 1:01:15]} 14. Qg5 {[%clk 1:14:20]} Bf6
{[%clk 1:00:34]} 15. Qc5 {[%clk 1:12:51]} Nh6 {[%clk 1:00:56]} 16. f4
{[%clk 1:08:53]} Ng4 {[%clk 1:01:09]} 17. Nf3 {[%clk 1:05:57]} Qb6
{[%clk 0:59:33]} 18. Qa3 {[%clk 0:57:22]} Be7 {[%clk 0:56:25]} 19. Qa4
{[%clk 0:55:30]} f6 {[%clk 0:51:00]} 20. Rb1 {[%clk 0:48:18]} c5 {[%clk 0:43:05]}
21. Qc2 {[%clk 0:44:49]} Bc6 {[%clk 0:42:35]} 22. Nh4 {[%clk 0:42:04]} Rg8
{[%clk 0:42:24]} 23. f5 {[%clk 0:42:00]} Qc7 {[%clk 0:26:31]} 24. Bf4
{[%clk 0:35:58]} Bd6 {[%clk 0:26:01]} 25. Qd2 {[%clk 0:32:09]} e5
{[%clk 0:25:19]} 26. Bg3 {[%clk 0:24:33]} Ne3 {[%clk 0:25:44]} 27. Rf3
{[%clk 0:23:37]} Rg4 {[%clk 0:25:27]} 28. Rxe3 {[%clk 0:22:28]} dxe3
{[%clk 0:25:42]} 29. Qxe3 {[%clk 0:22:55]} O-O-O {[%clk 0:21:29]} 30. Bc2
{[%clk 0:15:08]} Bf8 {[%clk 0:16:40]} 31. Bf2 {[%clk 0:14:33]} Qa5
{[%clk 0:15:03]} 32. Be1 {[%clk 0:08:29]} Qxa2 {[%clk 0:14:45]} 33. Ng6
{[%clk 0:06:57]} Qxc4 {[%clk 0:15:00]} 34. Bc3 {[%clk 0:06:34]} Bxe4
{[%clk 0:13:34]} 35. Bxe4 {[%clk 0:07:00]} Qxe4 {[%clk 0:13:06]} 36. Qxe4
{[%clk 0:07:08]} Rxe4 {[%clk 0:13:33]} 37. Ba5 {[%clk 0:07:11]} Re8
{[%clk 0:13:57]} 38. Rc1 {[%clk 0:07:24]} Bd6 39. Ra1 0-1

[Event "1SM"]
[Site "Sharjah Chess Club"]
[Date "2017.03.24"]
[Round "2.3"]
[White "Deepan, Chakkravarthy J."]
[Black "Adhiban, B."]
[Result "0-1"]
[BlackElo "2682"]
[WhiteElo "2483"]
[LiveChessVersion "1.4.8"]

1. e4 {[%clk 1:40:54]} c5 {[%clk 1:40:43]} 2. Nf3 {[%clk 1:41:18]} d6
{[%clk 1:41:09]} 3. d4 {[%clk 1:38:14]} cxd4 {[%clk 1:41:33]} 4. Nxd4
{[%clk 1:38:40]} Nf6 {[%clk 1:42:00]} 5. Nc3 {[%clk 1:39:06]} a6 {[%clk 1:42:27]}
6. Be3 {[%clk 1:36:41]} e5 {[%clk 1:42:50]} 7. Nb3 {[%clk 1:35:59]} Be6
{[%clk 1:39:58]} 8. Qd2 {[%clk 1:35:23]} Nbd7 {[%clk 1:38:57]} 9. f3
{[%clk 1:35:32]} h5 {[%clk 1:38:44]} 10. Be2 {[%clk 1:29:52]} Rc8
{[%clk 1:31:09]} 11. O-O {[%clk 1:27:35]} Be7 {[%clk 1:18:41]} 12. a4
{[%clk 1:04:36]} O-O {[%clk 1:14:11]} 13. Rfc1 {[%clk 1:00:12]} Nb6
{[%clk 0:53:20]} 14. a5 {[%clk 0:58:45]} Nc4 {[%clk 0:53:42]} 15. Bxc4
{[%clk 0:59:10]} Bxc4 {[%clk 0:47:42]} 16. Rd1 {[%clk 0:55:45]} Rc6
{[%clk 0:47:40]} 17. Qf2 {[%clk 0:52:08]} Qc7 {[%clk 0:43:47]} 18. Rd2
{[%clk 0:46:12]} Nd7 {[%clk 0:42:17]} 19. Qe1 {[%clk 0:41:31]} f5
{[%clk 0:42:11]} 20. exf5 {[%clk 0:31:45]} Rxf5 {[%clk 0:42:29]} 21. Bf2
{[%clk 0:30:43]} Nf6 {[%clk 0:35:15]} 22. Bb6 {[%clk 0:27:21]} Qc8
{[%clk 0:34:26]} 23. Ne4 {[%clk 0:15:18]} Nxe4 {[%clk 0:24:32]} 24. Qxe4
{[%clk 0:15:46]} Bg5 {[%clk 0:24:29]} 25. Rdd1 {[%clk 0:15:40]} Bf7
{[%clk 0:22:15]} 26. Kh1 {[%clk 0:05:13]} Rxc2 {[%clk 0:20:23]} 27. Nc5
{[%clk 0:05:25]} Rc4 {[%clk 0:19:20]} 28. Rxd6 {[%clk 0:03:16]} Rxe4
{[%clk 0:19:39]} 29. Nxe4 {[%clk 0:03:37]} Be7 {[%clk 0:19:08]} 30. Rd3
{[%clk 0:03:49]} Bg6 {[%clk 0:17:14]} 31. Rad1 {[%clk 0:03:53]} Rf8
{[%clk 0:14:33]} 0-1

[Event "1SM"]
[Site "Sharjah Chess Club"]
[Date "2017.03.24"]
[Round "2.4"]
[White "Narayanan, Srinath"]
[Black "Jones, Gawain C B"]
[Result "0-1"]
[BlackElo "2676"]
[WhiteElo "2472"]
[LiveChessVersion "1.4.8"]

1. b3 {[%clk 1:40:40]} e5 {[%clk 1:37:49]} 2. Bb2 {[%clk 1:40:59]} Nc6
{[%clk 1:38:01]} 3. c4 {[%clk 1:40:43]} Nf6 {[%clk 1:29:05]} 4. e3
{[%clk 1:38:47]} d5 {[%clk 1:27:57]} 5. cxd5 {[%clk 1:32:50]} Nxd5
{[%clk 1:27:31]} 6. a3 {[%clk 1:32:53]} Bd6 {[%clk 1:24:16]} 7. Qc2
{[%clk 1:32:31]} O-O {[%clk 1:23:24]} 8. Nf3 {[%clk 1:31:26]} Be6
{[%clk 1:16:32]} 9. Bb5 {[%clk 1:16:11]} Nde7 {[%clk 1:09:16]} 10. Ng5
{[%clk 1:10:28]} Bf5 {[%clk 1:09:03]} 11. Bd3 {[%clk 1:07:49]} Bxd3
{[%clk 1:06:18]} 12. Qxd3 {[%clk 1:08:13]} Ng6 {[%clk 1:06:37]} 13. h4
{[%clk 1:01:54]} Be7 {[%clk 1:04:41]} 14. Qf5 {[%clk 0:58:02]} Qd5
{[%clk 0:58:33]} 15. Nc3 {[%clk 0:55:37]} Qxg2 {[%clk 0:49:43]} 16. O-O-O
{[%clk 0:55:20]} Bxg5 {[%clk 0:49:48]} 17. hxg5 {[%clk 0:55:02]} Nce7
{[%clk 0:49:49]} 18. Qd7 {[%clk 0:53:23]} Qxg5 {[%clk 0:44:37]} 19. Qxc7
{[%clk 0:46:10]} Qf5 {[%clk 0:42:20]} 20. Qxb7 {[%clk 0:42:49]} Rab8
{[%clk 0:40:28]} 21. Qe4 {[%clk 0:43:01]} Rxb3 {[%clk 0:38:57]} 22. Qxf5
{[%clk 0:40:25]} Nxf5 {[%clk 0:39:21]} 23. Kc2 {[%clk 0:37:26]} Rb7
{[%clk 0:39:11]} 24. Ne4 {[%clk 0:36:48]} f6 {[%clk 0:37:04]} 25. Bc3
{[%clk 0:36:46]} Nge7 {[%clk 0:32:13]} 26. Rdg1 {[%clk 0:32:22]} Rc7
{[%clk 0:31:16]} 27. Kd3 {[%clk 0:29:32]} Nd5 {[%clk 0:30:18]} 28. Ba5
{[%clk 0:27:24]} Rc6 {[%clk 0:29:19]} 29. Rc1 {[%clk 0:27:23]} Rxc1
{[%clk 0:28:26]} 30. Rxc1 {[%clk 0:27:49]} Rb8 {[%clk 0:27:59]} 31. Rc5
{[%clk 0:22:03]} Nfe7 {[%clk 0:26:58]} 32. Nd6 {[%clk 0:22:04]} h5
{[%clk 0:25:27]} 33. Ke2 {[%clk 0:21:48]} Rb1 {[%clk 0:21:48]} 34. Kf3
{[%clk 0:19:23]} Rg1 {[%clk 0:18:25]} 35. Bd8 {[%clk 0:16:36]} h4
{[%clk 0:17:21]} 36. Bxe7 {[%clk 0:16:42]} Nxe7 {[%clk 0:16:23]} 37. Rc4
{[%clk 0:12:52]} h3 {[%clk 0:16:20]} 38. Rh4 {[%clk 0:13:11]} g5 {[%clk 0:16:44]}
39. Rh5 {[%clk 0:13:38]} Ng6 {[%clk 0:16:17]} 40. Nf5 {[%clk 0:13:45]} Nh4+
{[%clk 0:16:13]} 0-1

[Event "1SM"]
[Site "Sharjah Chess Club"]
[Date "2017.03.24"]
[Round "2.5"]
[White "Asgarizadeh, Ahmad"]
[Black "Fressinet, Laurent"]
[Result "0-1"]
[BlackElo "2662"]
[WhiteElo "2410"]
[LiveChessVersion "1.4.8"]

1. e4 {[%clk 1:40:29]} e5 {[%clk 1:40:55]} 2. Nf3 {[%clk 1:40:51]} Nc6
{[%clk 1:41:21]} 3. Bc4 {[%clk 1:40:58]} Bc5 {[%clk 1:41:39]} 4. O-O
{[%clk 1:40:50]} d6 {[%clk 1:41:47]} 5. c3 {[%clk 1:40:39]} Nf6 {[%clk 1:42:08]}
6. d3 {[%clk 1:40:50]} a5 {[%clk 1:42:31]} 7. h3 {[%clk 1:36:33]} h6
{[%clk 1:39:19]} 8. Re1 {[%clk 1:33:08]} O-O {[%clk 1:39:23]} 9. Nbd2
{[%clk 1:32:48]} Be6 {[%clk 1:39:14]} 10. Bb5 {[%clk 1:20:55]} Ne7
{[%clk 1:38:37]} 11. d4 {[%clk 1:20:13]} exd4 {[%clk 1:38:47]} 12. cxd4
{[%clk 1:20:19]} Ba7 {[%clk 1:39:11]} 13. b3 {[%clk 1:11:52]} Ng6
{[%clk 1:34:07]} 14. Ba3 {[%clk 1:05:54]} c6 {[%clk 1:25:30]} 15. Bf1
{[%clk 1:03:09]} Re8 {[%clk 1:24:51]} 16. Qc2 {[%clk 0:53:29]} d5
{[%clk 1:21:48]} 17. e5 {[%clk 0:40:47]} Nh7 {[%clk 1:20:19]} 18. Qc3
{[%clk 0:32:57]} Ng5 {[%clk 1:15:11]} 19. Rad1 {[%clk 0:30:20]} Bf5
{[%clk 1:05:18]} 20. Bd6 {[%clk 0:23:37]} Nf4 {[%clk 1:01:00]} 21. Nxg5
{[%clk 0:18:31]} Qxg5 {[%clk 0:54:17]} 22. Kh2 {[%clk 0:17:42]} Ne6
{[%clk 0:48:45]} 23. Nf3 {[%clk 0:17:42]} Qh5 {[%clk 0:48:28]} 24. Be2
{[%clk 0:15:54]} Nf4 {[%clk 0:42:45]} 25. Ng1 {[%clk 0:15:44]} Qg5
{[%clk 0:38:10]} 26. Bf1 {[%clk 0:15:40]} Ne6 {[%clk 0:35:30]} 27. Nf3
{[%clk 0:16:00]} Qh5 {[%clk 0:32:25]} 28. Be2 {[%clk 0:16:09]} Be4
{[%clk 0:31:42]} 29. Qe3 {[%clk 0:10:47]} Qf5 {[%clk 0:25:53]} 30. Bd3
{[%clk 0:09:40]} Bxd3 {[%clk 0:25:03]} 31. Qxd3 {[%clk 0:08:31]} Qxd3
{[%clk 0:25:22]} 32. Rxd3 {[%clk 0:08:55]} Rad8 {[%clk 0:24:22]} 33. Red1
{[%clk 0:08:30]} Rd7 {[%clk 0:23:25]} 34. Ng1 {[%clk 0:08:26]} f6
{[%clk 0:22:00]} 35. Nf3 {[%clk 0:07:19]} g5 {[%clk 0:17:59]} 36. Kg1
{[%clk 0:06:36]} h5 {[%clk 0:16:22]} 37. a3 {[%clk 0:06:33]} g4 {[%clk 0:13:14]}
38. hxg4 {[%clk 0:06:58]} hxg4 {[%clk 0:13:41]} 39. Nh2 {[%clk 0:05:56]} f5
{[%clk 0:13:51]} 40. b4 {[%clk 0:05:04]} axb4 {[%clk 0:12:37]} 41. axb4
{[%clk 0:05:32]} Rh7 {[%clk 0:12:57]} 42. Bc5 {[%clk 0:04:55]} Bxc5
{[%clk 0:11:21]} 43. bxc5 {[%clk 0:05:14]} Kf7 {[%clk 0:11:45]} 44. Rb3
{[%clk 0:02:47]} Kg6 {[%clk 0:11:46]} 45. Nf1 {[%clk 0:02:50]} f4
{[%clk 0:10:58]} 0-1

[Event "1SM"]
[Site "Sharjah Chess Club"]
[Date "2017.03.24"]
[Round "2.6"]
[White "Oleksiyenko, Mykhaylo"]
[Black "Xu, Xiangyu"]
[Result "1-0"]
[BlackElo "2503"]
[WhiteElo "2643"]
[LiveChessVersion "1.4.8"]

1. d4 {[%clk 1:40:58]} Nf6 {[%clk 1:35:19]} 2. c4 {[%clk 1:41:20]} g6
{[%clk 1:35:39]} 3. g3 {[%clk 1:40:50]} Bg7 {[%clk 1:35:38]} 4. Bg2
{[%clk 1:41:15]} d5 {[%clk 1:35:56]} 5. cxd5 {[%clk 1:41:17]} Nxd5
{[%clk 1:36:13]} 6. e4 {[%clk 1:41:41]} Nb6 {[%clk 1:35:45]} 7. Ne2
{[%clk 1:41:51]} c5 {[%clk 1:32:38]} 8. d5 {[%clk 1:42:17]} e6 {[%clk 1:33:02]}
9. O-O {[%clk 1:42:32]} exd5 {[%clk 1:32:49]} 10. exd5 {[%clk 1:42:58]} O-O
{[%clk 1:33:11]} 11. Nec3 {[%clk 1:43:03]} Na6 {[%clk 0:45:39]} 12. Na3
{[%clk 1:42:26]} Bf5 {[%clk 0:41:17]} 13. Be3 {[%clk 1:41:45]} Qd7
{[%clk 0:40:54]} 14. Qd2 {[%clk 1:41:58]} Bh3 {[%clk 0:38:13]} 15. Bxh3
{[%clk 1:39:36]} Qxh3 {[%clk 0:38:30]} 16. Rad1 {[%clk 1:39:51]} Rfe8
{[%clk 0:26:50]} 17. d6 {[%clk 1:19:24]} Rad8 {[%clk 0:27:12]} 18. Bg5
{[%clk 1:13:00]} f6 {[%clk 0:13:54]} 19. Bf4 {[%clk 1:12:24]} g5 {[%clk 0:06:47]}
20. Be3 {[%clk 1:12:46]} Bf8 {[%clk 0:07:16]} 21. Nab5 {[%clk 1:10:02]} Qe6
{[%clk 0:06:04]} 22. b3 {[%clk 1:03:01]} Qf7 {[%clk 0:06:29]} 23. f4
{[%clk 1:01:57]} g4 {[%clk 0:04:53]} 24. f5 {[%clk 0:58:21]} Re5 {[%clk 0:05:22]}
25. Qf2 {[%clk 0:50:55]} Nc8 {[%clk 0:01:50]} 26. Bf4 {[%clk 0:48:18]} Rxf5
{[%clk 0:02:05]} 27. Qe2 {[%clk 0:48:45]} h5 {[%clk 0:00:36]} 28. Qe4
{[%clk 0:42:21]} 1-0

[Event "1SM"]
[Site "Sharjah Chess Club"]
[Date "2017.03.24"]
[Round "2.7"]
[White "Kravtsiv, Martyn"]
[Black "Viani, Antonio Dcunha"]
[Result "1-0"]
[BlackElo "2410"]
[WhiteElo "2641"]
[LiveChessVersion "1.4.8"]

1. e4 {[%clk 1:40:55]} c5 {[%clk 1:39:29]} 2. Nf3 {[%clk 1:41:02]} d6
{[%clk 1:39:41]} 3. d4 {[%clk 1:40:36]} cxd4 {[%clk 1:40:02]} 4. Nxd4
{[%clk 1:40:38]} Nf6 {[%clk 1:40:16]} 5. Nc3 {[%clk 1:40:56]} g6 {[%clk 1:40:25]}
6. Be3 {[%clk 1:40:47]} Bg7 {[%clk 1:40:41]} 7. f3 {[%clk 1:40:40]} Nc6
{[%clk 1:40:50]} 8. Qd2 {[%clk 1:40:16]} O-O {[%clk 1:40:55]} 9. Bc4
{[%clk 1:39:57]} Bd7 {[%clk 1:40:45]} 10. O-O-O {[%clk 1:39:38]} Rc8
{[%clk 1:40:24]} 11. Bb3 {[%clk 1:39:24]} Ne5 {[%clk 1:40:21]} 12. Kb1
{[%clk 1:39:19]} Re8 {[%clk 1:40:01]} 13. h4 {[%clk 1:37:18]} h5 {[%clk 1:39:41]}
14. g4 {[%clk 1:36:00]} hxg4 {[%clk 1:35:55]} 15. h5 {[%clk 1:35:42]} Nxh5
{[%clk 1:35:04]} 16. Bh6 {[%clk 1:35:36]} Kh7 {[%clk 1:25:31]} 17. Bxg7
{[%clk 1:34:09]} Kxg7 {[%clk 1:25:50]} 18. fxg4 {[%clk 1:30:56]} Bxg4
{[%clk 1:24:08]} 19. Nf5+ {[%clk 1:26:38]} Bxf5 {[%clk 1:22:48]} 20. exf5
{[%clk 1:27:01]} Rh8 {[%clk 1:15:22]} 21. fxg6 {[%clk 1:25:45]} Nxg6
{[%clk 1:13:01]} 22. Nd5 {[%clk 1:23:57]} e6 {[%clk 0:53:36]} 23. Qd4+
{[%clk 1:15:16]} Kf8 {[%clk 0:42:44]} 24. Rdf1 {[%clk 0:37:03]} Ng7
{[%clk 0:27:40]} 25. Nf4 {[%clk 0:31:42]} Rxh1 {[%clk 0:27:10]} 26. Nxg6+
{[%clk 0:32:09]} Kg8 {[%clk 0:27:31]} 27. Rxh1 {[%clk 0:32:35]} fxg6
{[%clk 0:27:35]} 28. Bxe6+ {[%clk 0:32:35]} Nxe6 {[%clk 0:27:51]} 29. Qh8+
{[%clk 0:31:33]} Kf7 {[%clk 0:28:12]} 30. Rh7+ {[%clk 0:31:56]} Ng7
{[%clk 0:28:31]} 31. Qxg7+ {[%clk 0:32:21]} Ke6 {[%clk 0:28:44]} 32. Qxg6+
{[%clk 0:31:29]} Kd5 {[%clk 0:26:44]} 33. Qd3+ {[%clk 0:31:14]} Kc5
{[%clk 0:24:11]} 34. Rxb7 {[%clk 0:29:57]} d5 {[%clk 0:22:05]} 35. Qa3+
{[%clk 0:27:22]} Kc6 {[%clk 0:22:12]} 36. Qa6+ {[%clk 0:27:12]} 1-0

[Event "1SM"]
[Site "Sharjah Chess Club"]
[Date "2017.03.24"]
[Round "2.8"]
[White "Sethuraman, S.P."]
[Black "Kanter, Eduard"]
[Result "1-0"]
[BlackElo "2383"]
[WhiteElo "2629"]
[LiveChessVersion "1.4.8"]

1. e4 {[%clk 1:40:46]} c5 {[%clk 1:40:53]} 2. Nf3 {[%clk 1:41:07]} d6
{[%clk 1:41:19]} 3. d4 {[%clk 1:41:31]} cxd4 {[%clk 1:41:44]} 4. Nxd4
{[%clk 1:41:55]} Nf6 {[%clk 1:42:09]} 5. Nc3 {[%clk 1:42:19]} g6 {[%clk 1:42:17]}
6. Be3 {[%clk 1:42:40]} Bg7 {[%clk 1:42:41]} 7. f3 {[%clk 1:42:59]} O-O
{[%clk 1:43:06]} 8. Qd2 {[%clk 1:43:17]} Nc6 {[%clk 1:43:28]} 9. O-O-O
{[%clk 1:43:38]} d5 {[%clk 1:43:18]} 10. Qe1 {[%clk 1:44:01]} e5 {[%clk 1:42:37]}
11. Nxc6 {[%clk 1:43:58]} bxc6 {[%clk 1:43:00]} 12. exd5 {[%clk 1:44:20]} cxd5
{[%clk 1:42:49]} 13. Bg5 {[%clk 1:44:22]} Be6 {[%clk 1:42:48]} 14. Bc4
{[%clk 1:44:16]} Qc7 {[%clk 1:42:56]} 15. Bxd5 {[%clk 1:42:55]} Nxd5
{[%clk 1:40:16]} 16. Nxd5 {[%clk 1:43:13]} Bxd5 {[%clk 1:31:41]} 17. Rxd5
{[%clk 1:43:26]} Rab8 {[%clk 1:25:20]} 18. Qa5 {[%clk 1:42:35]} Qc8
{[%clk 1:12:36]} 19. b3 {[%clk 1:35:34]} Qf5 {[%clk 1:08:55]} 20. Be3
{[%clk 1:26:23]} Rfc8 {[%clk 1:09:03]} 21. Qd2 {[%clk 1:26:40]} a5
{[%clk 0:59:01]} 22. Rd1 {[%clk 1:17:00]} a4 {[%clk 0:49:30]} 23. b4
{[%clk 1:06:51]} h5 {[%clk 0:44:28]} 24. a3 {[%clk 1:06:36]} Qf6 {[%clk 0:26:10]}
25. Bg5 {[%clk 0:59:13]} Qe6 {[%clk 0:23:05]} 26. Qd3 {[%clk 0:57:01]} Rb7
{[%clk 0:20:16]} 27. Kb1 {[%clk 0:45:48]} Bf8 {[%clk 0:15:27]} 28. Rd8
{[%clk 0:26:35]} Rbc7 {[%clk 0:13:58]} 29. Bh6 {[%clk 0:20:08]} Rxd8
{[%clk 0:07:30]} 30. Qxd8 {[%clk 0:20:29]} Rc8 {[%clk 0:07:57]} 31. Qd2
{[%clk 0:20:53]} Be7 {[%clk 0:02:01]} 32. Re1 {[%clk 0:18:21]} Bf6
{[%clk 0:01:48]} 33. Bg5 {[%clk 0:17:48]} Bg7 {[%clk 0:01:15]} 34. Qd3
{[%clk 0:16:44]} Rc4 {[%clk 0:01:03]} 35. Bd2 {[%clk 0:11:58]} f5
{[%clk 0:00:43]} 36. Bc3 {[%clk 0:11:34]} Kh7 {[%clk 0:00:40]} 37. Bxe5
{[%clk 0:10:07]} Bxe5 {[%clk 0:00:58]} 38. Rxe5 {[%clk 0:08:01]} Qxe5
{[%clk 0:01:24]} 39. Qxc4 {[%clk 0:08:27]} Qxh2 {[%clk 0:01:46]} 40. Qf1
{[%clk 0:08:52]} h4 {[%clk 0:01:39]} 41. b5 {[%clk 0:07:23]} Qe5 {[%clk 0:01:22]}
42. Qc4 {[%clk 0:07:08]} Qe1+ {[%clk 0:00:47]} 43. Ka2 {[%clk 0:07:30]} Qf2
{[%clk 0:01:10]} 44. Qc7+ {[%clk 0:07:38]} Kh6 {[%clk 0:01:34]} 45. b6
{[%clk 0:08:03]} Qd2 {[%clk 0:01:10]} 46. b7 {[%clk 0:07:30]} Qd5+
{[%clk 0:01:33]} 47. Kb2 {[%clk 0:07:53]} Qd4+ {[%clk 0:01:56]} 48. Qc3 1-0

[Event "1SM"]
[Site "Sharjah Chess Club"]
[Date "2017.03.24"]
[Round "2.9"]
[White "Lalith, Babu M R"]
[Black "Rathnakaran, K."]
[Result "0-1"]
[BlackElo "2383"]
[WhiteElo "2593"]
[LiveChessVersion "1.4.8"]

1. Nf3 {[%clk 1:39:44]} Nf6 {[%clk 1:40:46]} 2. c4 {[%clk 1:39:27]} g6
{[%clk 1:41:11]} 3. Nc3 {[%clk 1:39:51]} Bg7 {[%clk 1:41:35]} 4. d4
{[%clk 1:40:15]} O-O {[%clk 1:41:58]} 5. e4 {[%clk 1:40:41]} d6 {[%clk 1:42:23]}
6. Be2 {[%clk 1:41:07]} e5 {[%clk 1:42:39]} 7. O-O {[%clk 1:41:31]} Nc6
{[%clk 1:43:06]} 8. d5 {[%clk 1:41:57]} Ne7 {[%clk 1:43:24]} 9. a4
{[%clk 1:42:24]} Nh5 {[%clk 1:40:04]} 10. Re1 {[%clk 1:33:49]} f5
{[%clk 1:37:25]} 11. exf5 {[%clk 1:31:41]} Nxf5 {[%clk 1:37:28]} 12. c5
{[%clk 1:03:36]} Nf4 {[%clk 1:35:32]} 13. Bxf4 {[%clk 1:03:09]} exf4
{[%clk 1:35:46]} 14. cxd6 {[%clk 1:03:26]} cxd6 {[%clk 1:36:06]} 15. Rc1
{[%clk 0:57:46]} a6 {[%clk 1:34:23]} 16. Bd3 {[%clk 0:46:55]} Nd4
{[%clk 1:30:19]} 17. Be4 {[%clk 0:43:47]} Bg4 {[%clk 1:23:04]} 18. h3
{[%clk 0:42:02]} Bxf3 {[%clk 1:22:07]} 19. Bxf3 {[%clk 0:42:28]} Qb6
{[%clk 1:22:32]} 20. Rb1 {[%clk 0:40:47]} Rae8 {[%clk 1:21:19]} 21. Ne4
{[%clk 0:39:55]} Qb4 {[%clk 1:18:22]} 22. b3 {[%clk 0:38:09]} Nxf3+
{[%clk 1:10:45]} 23. Qxf3 {[%clk 0:37:35]} Re5 {[%clk 1:10:46]} 24. Re2
{[%clk 0:37:11]} Kh8 {[%clk 1:03:23]} 25. Nc3 {[%clk 0:29:37]} Rxe2
{[%clk 0:55:24]} 26. Nxe2 {[%clk 0:30:03]} Qd2 {[%clk 0:55:26]} 27. Rc1
{[%clk 0:27:53]} Re8 {[%clk 0:49:03]} 28. Rc4 {[%clk 0:27:20]} Qe1+
{[%clk 0:49:08]} 29. Kh2 {[%clk 0:27:07]} Rxe2 {[%clk 0:49:14]} 0-1

[Event "1SM"]
[Site "Sharjah Chess Club"]
[Date "2017.03.24"]
[Round "2.10"]
[White "Gledura, Benjamin"]
[Black "Sindarov, Javokhir"]
[Result "1/2-1/2"]
[BlackElo "2374"]
[WhiteElo "2588"]
[LiveChessVersion "1.4.8"]

1. Nf3 {[%clk 1:40:56]} g6 {[%clk 1:39:14]} 2. d4 {[%clk 1:38:37]} Nf6
{[%clk 1:39:28]} 3. g3 {[%clk 1:38:19]} Bg7 {[%clk 1:39:50]} 4. Bg2
{[%clk 1:38:44]} O-O {[%clk 1:39:41]} 5. c4 {[%clk 1:39:03]} d6 {[%clk 1:40:00]}
6. O-O {[%clk 1:39:26]} c6 {[%clk 1:35:54]} 7. Nc3 {[%clk 1:39:00]} Qb6
{[%clk 1:36:15]} 8. c5 {[%clk 1:38:07]} Qd8 {[%clk 1:35:03]} 9. cxd6
{[%clk 1:38:11]} exd6 {[%clk 1:35:23]} 10. e4 {[%clk 1:38:23]} Na6
{[%clk 1:30:20]} 11. Bf4 {[%clk 1:32:12]} Nc7 {[%clk 1:21:47]} 12. Qd2
{[%clk 1:19:53]} Bg4 {[%clk 1:16:03]} 13. d5 {[%clk 1:14:06]} c5 {[%clk 1:06:59]}
14. Rfe1 {[%clk 0:54:55]} Nh5 {[%clk 1:05:13]} 15. Bh6 {[%clk 0:53:33]} Bxh6
{[%clk 1:04:30]} 16. Qxh6 {[%clk 0:53:58]} Bxf3 {[%clk 1:04:43]} 17. Bxf3
{[%clk 0:54:21]} Nf6 {[%clk 1:05:05]} 18. a4 {[%clk 0:45:48]} a6 {[%clk 1:03:26]}
19. Qf4 {[%clk 0:37:42]} Re8 {[%clk 1:03:49]} 20. Reb1 {[%clk 0:31:37]} a5
{[%clk 0:57:33]} 21. Re1 {[%clk 0:31:31]} Re5 {[%clk 0:49:05]} 22. Qd2
{[%clk 0:30:48]} Na6 {[%clk 0:48:18]} 23. Bg2 {[%clk 0:28:58]} Qb6
{[%clk 0:48:26]} 24. Bf1 {[%clk 0:18:30]} Nb4 {[%clk 0:43:54]} 25. Bc4
{[%clk 0:18:38]} Rae8 {[%clk 0:41:01]} 26. f3 {[%clk 0:19:02]} Nd7
{[%clk 0:40:20]} 27. f4 {[%clk 0:16:34]} R5e7 {[%clk 0:40:44]} 28. Re2
{[%clk 0:15:46]} f6 {[%clk 0:39:36]} 29. Rae1 {[%clk 0:16:02]} Qd8
{[%clk 0:39:49]} 30. b3 {[%clk 0:15:50]} Nb6 {[%clk 0:37:40]} 31. Nb5
{[%clk 0:15:41]} Kg7 {[%clk 0:34:54]} 32. Qc3 {[%clk 0:15:52]} Qd7
{[%clk 0:30:07]} 33. Na3 {[%clk 0:12:33]} Qg4 {[%clk 0:27:04]} 34. Bb5
{[%clk 0:12:27]} Rd8 {[%clk 0:26:50]} 35. Kg2 {[%clk 0:09:47]} Rf8
{[%clk 0:24:02]} 36. h3 {[%clk 0:10:10]} Qh5 {[%clk 0:24:22]} 37. Bc4
{[%clk 0:08:45]} Rfe8 {[%clk 0:21:20]} 38. g4 {[%clk 0:08:56]} Qh4
{[%clk 0:21:27]} 39. Nb5 {[%clk 0:08:12]} Rd8 {[%clk 0:20:48]} 40. Rf2
{[%clk 0:05:29]} Kg8 {[%clk 0:15:53]} 41. e5 {[%clk 0:05:34]} fxe5
{[%clk 0:15:01]} 42. fxe5 {[%clk 0:05:58]} Nxc4 {[%clk 0:15:23]} 43. bxc4
{[%clk 0:03:57]} dxe5 {[%clk 0:15:29]} 44. d6 {[%clk 0:03:51]} Ree8
{[%clk 0:15:15]} 45. Qe3 {[%clk 0:03:39]} e4 {[%clk 0:15:24]} 46. Ref1
{[%clk 0:02:20]} Nd3 {[%clk 0:15:39]} 47. Rf6 {[%clk 0:01:17]} g5
{[%clk 0:07:32]} 48. Nc3 {[%clk 0:00:41]} Nf4+ {[%clk 0:07:21]} 49. Kh2
{[%clk 0:01:09]} Rd7 {[%clk 0:01:44]} 50. Ne2 {[%clk 0:01:04]} Nxe2
{[%clk 0:00:50]} 51. Qxe2 {[%clk 0:01:33]} h5 {[%clk 0:01:11]} 52. Qd2
{[%clk 0:00:41]} hxg4 {[%clk 0:00:34]} 53. Qd5+ {[%clk 0:00:59]} Kg7
{[%clk 0:00:49]} 54. Rf7+ {[%clk 0:01:01]} Kh6 {[%clk 0:01:14]} 55. Rxd7
{[%clk 0:00:32]} Qxh3+ {[%clk 0:01:39]} 1/2-1/2